000 00357cam a2200145ua 4500
041 _aeng
_h
082 _a821
_bHAR/CO
100 _aHardy, Thomas.
245 _aCollected poems /
_cThomas Hardy.
_hTextual Documents
260 _aLondon :
_bMacMillan and Company Limited ,
_c1962.
300 _a917 ; .
504 _a
942 _cBK
999 _c5335
_d5335